<?xml version="1.0" encoding="UTF-8"?>
<collection xmlns="http://www.loc.gov/MARC21/slim">
 <record>
  <leader>03075cam a22006012  4500</leader>
  <controlfield tag="001">1409158438</controlfield>
  <controlfield tag="003">DE-627</controlfield>
  <controlfield tag="005">20230130135651.0</controlfield>
  <controlfield tag="007">tu</controlfield>
  <controlfield tag="008">110323s1998    xx |||||      00| ||und c</controlfield>
  <datafield tag="035" ind1=" " ind2=" ">
   <subfield code="a">(DE-627)1409158438</subfield>
  </datafield>
  <datafield tag="035" ind1=" " ind2=" ">
   <subfield code="a">(DE-576)339158433</subfield>
  </datafield>
  <datafield tag="035" ind1=" " ind2=" ">
   <subfield code="a">(DE-599)BSZ339158433</subfield>
  </datafield>
  <datafield tag="035" ind1=" " ind2=" ">
   <subfield code="a">(DE-615)00631863</subfield>
  </datafield>
  <datafield tag="040" ind1=" " ind2=" ">
   <subfield code="a">DE-627</subfield>
   <subfield code="b">ger</subfield>
   <subfield code="c">DE-627</subfield>
   <subfield code="e">rakwb</subfield>
  </datafield>
  <datafield tag="084" ind1=" " ind2=" ">
   <subfield code="a">RA05</subfield>
   <subfield code="2">fivr</subfield>
  </datafield>
  <datafield tag="084" ind1=" " ind2=" ">
   <subfield code="a">RA05.12</subfield>
   <subfield code="2">fivr</subfield>
  </datafield>
  <datafield tag="084" ind1=" " ind2=" ">
   <subfield code="a">SA02</subfield>
   <subfield code="2">fivs</subfield>
  </datafield>
  <datafield tag="245" ind1="1" ind2="0">
   <subfield code="a">Historische Stätten. Böhmen und Mähren</subfield>
  </datafield>
  <datafield tag="264" ind1=" " ind2="1">
   <subfield code="a">Stuttgart</subfield>
   <subfield code="b">Kröner</subfield>
   <subfield code="c">1998</subfield>
  </datafield>
  <datafield tag="300" ind1=" " ind2=" ">
   <subfield code="a">889 S.</subfield>
  </datafield>
  <datafield tag="336" ind1=" " ind2=" ">
   <subfield code="a">Text</subfield>
   <subfield code="b">txt</subfield>
   <subfield code="2">rdacontent</subfield>
  </datafield>
  <datafield tag="337" ind1=" " ind2=" ">
   <subfield code="a">ohne Hilfsmittel zu benutzen</subfield>
   <subfield code="b">n</subfield>
   <subfield code="2">rdamedia</subfield>
  </datafield>
  <datafield tag="338" ind1=" " ind2=" ">
   <subfield code="a">Band</subfield>
   <subfield code="b">nc</subfield>
   <subfield code="2">rdacarrier</subfield>
  </datafield>
  <datafield tag="490" ind1="0" ind2=" ">
   <subfield code="a">Kröners Taschenausgabe</subfield>
   <subfield code="v">329</subfield>
  </datafield>
  <datafield tag="583" ind1="1" ind2=" ">
   <subfield code="a">Archivierung prüfen</subfield>
   <subfield code="c">20200919</subfield>
   <subfield code="f">DE-640</subfield>
   <subfield code="z">1</subfield>
   <subfield code="2">pdager</subfield>
  </datafield>
  <datafield tag="650" ind1="0" ind2="7">
   <subfield code="0">(DE-588)4020517-4</subfield>
   <subfield code="0">(DE-627)106317768</subfield>
   <subfield code="0">(DE-576)208933697</subfield>
   <subfield code="a">Geschichte</subfield>
   <subfield code="2">gnd</subfield>
  </datafield>
  <datafield tag="650" ind1="0" ind2="7">
   <subfield code="0">(DE-588)4120632-0</subfield>
   <subfield code="0">(DE-627)105775118</subfield>
   <subfield code="0">(DE-576)209536748</subfield>
   <subfield code="a">Kunstwissenschaft</subfield>
   <subfield code="2">gnd</subfield>
  </datafield>
  <datafield tag="650" ind1="0" ind2="7">
   <subfield code="0">(DE-588)4125698-0</subfield>
   <subfield code="0">(DE-627)104470348</subfield>
   <subfield code="0">(DE-576)209578750</subfield>
   <subfield code="a">Kultur</subfield>
   <subfield code="2">gnd</subfield>
  </datafield>
  <datafield tag="650" ind1=" " ind2="4">
   <subfield code="a">Čechy</subfield>
   <subfield code="x">Morava</subfield>
   <subfield code="x">Mitteleuropa</subfield>
   <subfield code="x">Tschechoslowakei</subfield>
   <subfield code="x">Tschechien</subfield>
   <subfield code="x">Geschichte</subfield>
   <subfield code="x">Kunstgeschichte</subfield>
   <subfield code="x">Geschichtlicher Überblick</subfield>
   <subfield code="x">Kulturgeschichte</subfield>
  </datafield>
  <datafield tag="651" ind1=" " ind2="7">
   <subfield code="0">(DE-588)4039677-0</subfield>
   <subfield code="0">(DE-627)104270578</subfield>
   <subfield code="0">(DE-576)209036133</subfield>
   <subfield code="a">Mitteleuropa</subfield>
   <subfield code="2">gnd</subfield>
  </datafield>
  <datafield tag="651" ind1=" " ind2="7">
   <subfield code="0">(DE-588)4078435-6</subfield>
   <subfield code="0">(DE-627)104584777</subfield>
   <subfield code="0">(DE-576)209208635</subfield>
   <subfield code="a">Tschechoslowakei</subfield>
   <subfield code="2">gnd</subfield>
  </datafield>
  <datafield tag="651" ind1=" " ind2="7">
   <subfield code="0">(DE-588)4303381-7</subfield>
   <subfield code="0">(DE-627)121620166</subfield>
   <subfield code="0">(DE-576)211057924</subfield>
   <subfield code="a">Tschechien</subfield>
   <subfield code="2">gnd</subfield>
  </datafield>
  <datafield tag="700" ind1="1" ind2=" ">
   <subfield code="a">Bahlcke, Joachim</subfield>
   <subfield code="d">1963-</subfield>
   <subfield code="e">Hrsg.</subfield>
   <subfield code="0">(DE-588)122489845</subfield>
   <subfield code="0">(DE-627)081975465</subfield>
   <subfield code="0">(DE-576)168944421</subfield>
   <subfield code="4">edt</subfield>
  </datafield>
  <datafield tag="700" ind1="1" ind2=" ">
   <subfield code="a">Eberhard, Winfried</subfield>
   <subfield code="e">HerausgeberIn</subfield>
   <subfield code="4">edt</subfield>
  </datafield>
  <datafield tag="700" ind1="1" ind2=" ">
   <subfield code="a">Polívka, Miloslav</subfield>
   <subfield code="e">HerausgeberIn</subfield>
   <subfield code="4">edt</subfield>
  </datafield>
  <datafield tag="787" ind1="0" ind2="8">
   <subfield code="i">Rezensiert in</subfield>
   <subfield code="a">Kuča, Karel, 1961 - </subfield>
   <subfield code="t">[Rezension von: Joachim Bahlcke, Winfried Eberhard, Miloslav Polívka (Hrsg.), Historische Stätten. Böhmen und Mähren]</subfield>
   <subfield code="d">Braubach : Europäisches Burgeninstitut, 1999</subfield>
   <subfield code="w">(DE-627)1832688666</subfield>
  </datafield>
  <datafield tag="889" ind1=" " ind2=" ">
   <subfield code="w">(DE-627)1778381456</subfield>
  </datafield>
  <datafield tag="936" ind1="f" ind2="i">
   <subfield code="0">(DE-627)175613166X</subfield>
   <subfield code="a">RA05</subfield>
   <subfield code="b">Mitteleuropa</subfield>
   <subfield code="k">Europa</subfield>
   <subfield code="k">Mitteleuropa</subfield>
   <subfield code="2">fivr</subfield>
  </datafield>
  <datafield tag="936" ind1="f" ind2="i">
   <subfield code="0">(DE-627)1756131724</subfield>
   <subfield code="a">RA05.12</subfield>
   <subfield code="b">Tschechoslowakei</subfield>
   <subfield code="k">Europa</subfield>
   <subfield code="k">Mitteleuropa</subfield>
   <subfield code="k">Tschechoslowakei</subfield>
   <subfield code="2">fivr</subfield>
  </datafield>
  <datafield tag="936" ind1="f" ind2="i">
   <subfield code="0">(DE-627)1756135258</subfield>
   <subfield code="a">SA02</subfield>
   <subfield code="b">Geschichte</subfield>
   <subfield code="k">Allgemeine Literatur</subfield>
   <subfield code="k">Geschichte</subfield>
   <subfield code="2">fivs</subfield>
  </datafield>
  <datafield tag="938" ind1="1" ind2="0">
   <subfield code="0">(DE-627)106373374</subfield>
   <subfield code="0">(DE-588)4007467-5</subfield>
   <subfield code="a">Böhmen</subfield>
   <subfield code="2">gnd</subfield>
   <subfield code="2">fivt</subfield>
  </datafield>
  <datafield tag="938" ind1="1" ind2="0">
   <subfield code="0">(DE-627)106089633</subfield>
   <subfield code="0">(DE-588)4074432-2</subfield>
   <subfield code="a">Mähren</subfield>
   <subfield code="2">gnd</subfield>
   <subfield code="2">fivt</subfield>
  </datafield>
  <datafield tag="938" ind1="1" ind2="0">
   <subfield code="0">(DE-627)1756244340</subfield>
   <subfield code="0">(DE-615)800450655</subfield>
   <subfield code="a">Mitteleuropa</subfield>
   <subfield code="2">fivt</subfield>
  </datafield>
  <datafield tag="938" ind1="1" ind2="0">
   <subfield code="0">(DE-627)1756236739</subfield>
   <subfield code="0">(DE-615)800096462</subfield>
   <subfield code="a">Tschechoslowakei</subfield>
   <subfield code="2">fivt</subfield>
  </datafield>
  <datafield tag="938" ind1="1" ind2="0">
   <subfield code="0">(DE-627)1756168113</subfield>
   <subfield code="0">(DE-615)800433130</subfield>
   <subfield code="a">Tschechien</subfield>
   <subfield code="2">fivt</subfield>
  </datafield>
  <datafield tag="938" ind1="1" ind2="0">
   <subfield code="0">(DE-627)1756176590</subfield>
   <subfield code="0">(DE-615)800602525</subfield>
   <subfield code="a">Geschichte</subfield>
   <subfield code="2">fivt</subfield>
  </datafield>
  <datafield tag="938" ind1="1" ind2="0">
   <subfield code="0">(DE-627)1756170762</subfield>
   <subfield code="0">(DE-615)800029823</subfield>
   <subfield code="a">Kunstgeschichte</subfield>
   <subfield code="2">fivt</subfield>
  </datafield>
  <datafield tag="938" ind1="1" ind2="0">
   <subfield code="0">(DE-627)1756190704</subfield>
   <subfield code="0">(DE-615)800348967</subfield>
   <subfield code="a">Geschichtlicher Überblick</subfield>
   <subfield code="2">fivt</subfield>
  </datafield>
  <datafield tag="938" ind1="1" ind2="0">
   <subfield code="0">(DE-627)1756175721</subfield>
   <subfield code="0">(DE-615)800220510</subfield>
   <subfield code="a">Kulturgeschichte</subfield>
   <subfield code="2">fivt</subfield>
  </datafield>
  <datafield tag="951" ind1=" " ind2=" ">
   <subfield code="a">BO</subfield>
  </datafield>
  <datafield tag="991" ind1=" " ind2=" ">
   <subfield code="a">Rezensiertes Werk</subfield>
  </datafield>
  <datafield tag="999" ind1=" " ind2=" ">
   <subfield code="a">KXP-PPN1409158438</subfield>
   <subfield code="e">426346351X</subfield>
  </datafield>
 </record>
</collection>
